| 000 | 00784nam a22002177a 4500 | ||
|---|---|---|---|
| 999 |
_c11324 _d11324 |
||
| 003 | AR-CdUCM | ||
| 008 | 190403b ||||| |||| 00| 0 spa d | ||
| 040 |
_aMUNICIPALIDAD PROVINCIAL DEL CUSCO _cBIBLIOTECA MUNICIPAL DEL CUSCO |
||
| 082 |
_23 ed. _a854 / _bA92 /1994 |
||
| 100 |
_aAvolio, Lamberto _928642 |
||
| 245 |
_aFlor de florencia : _bGuía al estudio de la divina comedia / |
||
| 260 |
_aLima: _bElena vaccari, _c1944. |
||
| 300 |
_a274 páginas ; _c22 cm. |
||
| 505 | _aContenido : Infierno -- Los círculos y los guardianes infernales -- Limbo -- Lujuriosos -- Golosos -- Avaros y pródigos ... | ||
| 650 |
_aLiteratura _983 |
||
| 650 |
_aPeruana _925277 |
||
| 650 |
_aLatinoamericana _95799 |
||
| 700 |
_aAlighieri, Dante _95764 |
||
| 942 |
_2ddc _cLIBROS |
||
| 945 | _arah | ||